000 00498cam a22001217a 4500
008 180718b-- xxu||||| |||| 00| 0 eng d
082 _aA8055x54 D628
245 _aDirectory of statistics
_cby Central Statistical Organisation, Ministry of Statistics and Programme Implementation
260 _aDelhi
_bController of Publications
_c--
500 _aLibrary has 1999
650 _aIndia - Statistics
700 _aIndia. Ministry of Statistics and Programme Implementation. Central Statistical Organisation
999 _c492248
_d492248